A Dose of sanity : (Record no. 6738)
[ view plain ]
| 000 -LEADER | |
|---|---|
| fixed length control field | 00851cam a22002412 4500 |
| 001 - CONTROL NUMBER | |
| control field | 0000004937 |
| 005 - DATE AND TIME OF LATEST TRANSACTION | |
| control field | 20151217151946.0 |
| 008 - FIXED-LENGTH DATA ELEMENTS--GENERAL INFORMATION | |
| fixed length control field | 070604s xx 000 0 eng d |
| 020 ## - INTERNATIONAL STANDARD BOOK NUMBER | |
| International Standard Book Number | 0471141364 : |
| Terms of availability | GBP 16.95 |
| 040 ## - CATALOGING SOURCE | |
| Original cataloging agency | KABU |
| Transcribing agency | KABU |
| 050 #0 - LIBRARY OF CONGRESS CALL NUMBER | |
| Classification number | RC455.4 |
| Item number | .B5W35 1996 |
| 100 1# - MAIN ENTRY--PERSONAL NAME | |
| Personal name | Walker, Sydney. |
| -- | 0000145878 |
| 245 12 - TITLE STATEMENT | |
| Title | A Dose of sanity : |
| Remainder of title | mind, medicine, and misdiagnosis / |
| Statement of responsibility, etc. | Sydney Walker. |
| 260 ## - PUBLICATION, DISTRIBUTION, ETC. (IMPRINT) | |
| Place of publication, distribution, etc. | New York : |
| Name of publisher, distributor, etc. | John Wiley & Sons, |
| Date of publication, distribution, etc. | c1996. |
| 300 ## - PHYSICAL DESCRIPTION | |
| Extent | xi, 260 p. ; |
| Dimensions | 21 cm. |
| 650 #0 - SUBJECT ADDED ENTRY--TOPICAL TERM | |
| Topical term or geographic name as entry element | Psychological manifestations of general diseases. |
| -- | 0000155916 |
| 650 #0 - SUBJECT ADDED ENTRY--TOPICAL TERM | |
| Topical term or geographic name as entry element | Mental illnes |
| General subdivision | Physiological aspects. |
| -- | 0000155917 |
| 650 #0 - SUBJECT ADDED ENTRY--TOPICAL TERM | |
| Topical term or geographic name as entry element | Diagnostic errors. |
| -- | 0000155918 |
| 908 ## - PUT COMMAND PARAMETER (RLIN) | |
| Put command parameter | 070604 |
| 950 ## - LOCAL HOLDINGS (RLIN) | |
| -- | 1 |
| Withdrawn status | Lost status | Source of classification or shelving scheme | Not for loan | Home library | Current library | Date acquired | Total Checkouts | Full call number | Barcode | Date last seen | Price effective from | Koha item type |
|---|---|---|---|---|---|---|---|---|---|---|---|---|
| Library of Congress Classification | Kabarak, Main Campus | Kabarak, Main Campus | 17/12/2015 | RC455.4 .B5W35 1996 | 006659 | 17/12/2015 | 17/12/2015 | General Collection | ||||
| Library of Congress Classification | Kabarak, Main Campus | Kabarak, Main Campus | 17/12/2015 | RC455.4 .B5W35 1996 | 006660 | 17/12/2015 | 17/12/2015 | General Collection |